| 000 | 00492nam a2200181Ia 4500 | ||
|---|---|---|---|
| 003 | GCL | ||
| 008 | 140319s9999 xx 000 0 eng d | ||
| 040 |
_aGCL / _cGCL |
||
| 082 | 0 | 4 |
_a843 _bS G |
| 100 | 1 | _aSTEVENSON, ROBERT LOUIS | |
| 245 | 1 | 0 |
_aLE GAS ETRANGE DU DR JEKYLL ET DE MR HYDE / _cSTEVENSON, ROBERT LOUIS |
| 700 | 1 | _aMURAY, JEAN | |
| 260 |
_a[S.N] : _bLE LIVRE DE POCHE ، _c1988 |
||
| 300 | _a154 P | ||
| 650 | 0 | 4 | _aLITERATURE |
| 650 | 0 | 4 | _aFRENCH LITERATURE |
| 942 |
_2ddc _cBK |
||
| 999 |
_c25623 _d25623 |
||